<?xml version="1.0" encoding="UTF-8"?>
<record
    xmlns:xsi="http://www.w3.org/2001/XMLSchema-instance"
    xsi:schemaLocation="http://www.loc.gov/MARC21/slim http://www.loc.gov/standards/marcxml/schema/MARC21slim.xsd"
    xmlns="http://www.loc.gov/MARC21/slim">

  <leader>01396nam a22001457a 4500</leader>
  <datafield tag="999" ind1=" " ind2=" ">
    <subfield code="c">525942</subfield>
    <subfield code="d">525942</subfield>
  </datafield>
  <controlfield tag="008">240426b           ||||| |||| 00| 0 eng d</controlfield>
  <datafield tag="100" ind1=" " ind2=" ">
    <subfield code="a">Rostek, Marzena and  Yoon, Ji Hee</subfield>
    <subfield code="9">51887</subfield>
  </datafield>
  <datafield tag="245" ind1=" " ind2=" ">
    <subfield code="a">Innovation in decentralized markets: Technology versus synthetic products</subfield>
  </datafield>
  <datafield tag="260" ind1=" " ind2=" ">
    <subfield code="a">American Economic Journal: Microeconomics   </subfield>
  </datafield>
  <datafield tag="300" ind1=" " ind2=" ">
    <subfield code="a">16(1), Feb, 2024: p.63-109</subfield>
  </datafield>
  <datafield tag="520" ind1=" " ind2=" ">
    <subfield code="a">Advances in market-clearing technology for multiple assets and synthetic products present alternative ways to leverage complementarities and substitutabilities in asset payoffs. This paper compares their equilibrium and welfare effects. In competitive markets, either instrument can mimic the efficient design. When traders have price impact, however, synthetic products and market-clearing technology provide separate instruments for impacting markets' performance and can generate synergies or trade-offs. Neither instrument can generally reproduce the other's payoffs state by state. Moreover, innovation in market clearing renders additional synthetic products nonredundant. Our analysis points to the advantages of each type of innovation while also exposing potential risks.- Reproduced 

https://www.aeaweb.org/articles?id=10.1257/mic.20220138#:~:text=Abstract,can%20mimic%20the%20efficient%20design.
</subfield>
  </datafield>
  <datafield tag="773" ind1=" " ind2=" ">
    <subfield code="a">American Economic Journal: Microeconomics   </subfield>
  </datafield>
  <datafield tag="906" ind1=" " ind2=" ">
    <subfield code="a">INNOVATION</subfield>
  </datafield>
  <datafield tag="942" ind1=" " ind2=" ">
    <subfield code="c">AR</subfield>
  </datafield>
  <datafield tag="952" ind1=" " ind2=" ">
    <subfield code="0">0</subfield>
    <subfield code="1">0</subfield>
    <subfield code="2">ddc</subfield>
    <subfield code="4">0</subfield>
    <subfield code="7">0</subfield>
    <subfield code="9">400996</subfield>
    <subfield code="a">IIPA</subfield>
    <subfield code="b">IIPA</subfield>
    <subfield code="d">2024-04-26</subfield>
    <subfield code="h">16(1), Feb, 2024: p.63-109</subfield>
    <subfield code="p">AR131735</subfield>
    <subfield code="r">2024-04-26</subfield>
    <subfield code="y">AR</subfield>
  </datafield>
</record>
